000 00293nam a22001337a 4500
008 181012b xxu||||| |||| 00| 0 eng d
020 _a9781556426728
041 _aeng
080 _25th
_a617
100 _a8
101 _aOFT
245 _aNeuro-Ophthalmology
_cKline,L.B
942 _2udc
_cBK
999 _c49471
_d49471